000
00209nam a22000857a 4500
008
161111b xxu||||| |||| 00| 0 eng d
100
_9
1140
_a
Subramaniam. N
245
_a
We are one
260
_a
New Delhi
_b
NCERT
_c
1999
999
_c
3800
_d
3800